000 00463 a2200181 4500
003 NUST
005 20251020133611.0
040 _cNust
082 _a621.382,HUZ
100 _aHuzaifa, Capt ( TE-34)
_9131258
245 _aSign language decoder /
_cCapt Huzaifa, Capt Khalid, Capt Hamid , Capt Awais ,
260 _aRawalpindi
_bMCS
_c2001
300 _a39, p.;
538 _a
650 _aUG Projects
_998716
651 _aTE-35
_9131259
942 _2ddc
_cPR
999 _c182016
_d182016